000 01008nas a2200325 4500
001 BR0500749
003 BR-BrBNA
005 20231205105154.0
007 ta
008 230509b bl.|||p| |||| 00| 00por d
040 _aBR-BrBNA
_bpor
_cBiblioteca Nacional de Agricultura
041 _a(Pt)
072 _aF02
100 1 _aChaves, R. da C.
100 1 _aJunqueira, N.T.V.
100 1 _aManica, I.
100 1 _aPeixoto, J.R.
100 1 _aPereira, A.V.
100 1 _aFialho, J. de F.
245 1 _aEnxertia de maracujazeiro-azedo em estacas herbáceas enraizadas de espécies de passifloras nativas
650 _aMARACUJÁ
650 _aÁCIDO NAFTALENO-ACÉTICO
650 _aPORTA ENXERTO
650 _aENRAIZAMENTO DE ESTACA
650 _aVARIEDADE RESISTENTE
650 _aDISTRITO FEDERAL
773 0 _tRevista Brasileira de Fruticultura (Brazil)
_xISSN 0100-2945
_g(Apr 2004), v. 26(1) p. 120-123
_wBR0500749
909 _a202311
_bLúcia
_c55
_dLúcia Elande
942 _2AGRIS
_n0
_cANA
999 _c181600
_d181600